书目信息 |
| 题名: |
浮力趣谈
|
|
| 作者: | 楼振龙 编 | |
| 分册: | ||
| 出版信息: | 上海 上海教育出版社 1982 |
|
| 页数: | 65页 | |
| 开本: | 19cm | |
| 丛书名: | ||
| 单 册: | ||
| 中图分类: | O351.1-49 | |
| 科图分类: | ||
| 主题词: | 浮力--普及读物 | |
| 电子资源: | ||
| ISBN: | ||
| 000 | 00616nam0 2200241 45 | |
| 001 | 0182001393 | |
| 005 | 20060816151652.57 | |
| 010 | @dCNY0.19 | |
| 091 | @aCN@b7150.2530 | |
| 100 | @a19950516d1982 em y0chiy0121 ea | |
| 101 | 0 | @achi |
| 102 | @aCN@b310000 | |
| 105 | @ay z 000yy | |
| 200 | 10 | @a浮力趣谈@Afu li qu tan@f楼振龙编 |
| 210 | @a上海@c上海教育出版社@d1982 | |
| 215 | @a65页@d19cm | |
| 300 | @a中学生文库 | |
| 606 | @a浮力@x普及读物 | |
| 690 | @aO351.1-49@v3 | |
| 701 | 0 | @a楼振龙@Alou zhen long@4编 |
| 801 | 0 | @aCN@bTSSF@c20060816 |
| 801 | 2 | @aCN@bNLC@c20060726 |
| 905 | @a10447@dO351.1-49@e8 | |
| 浮力趣谈/楼振龙编.-上海:上海教育出版社,1982 |
| 65页;19cm |
| 中学生文库 |
| ISBN :CNY0.19 |
| ● |
| 相关链接 |
|
|
|
|
正题名:浮力趣谈
索取号:O351.1-49/8
 
预约/预借
| 序号 | 登录号 | 条形码 | 馆藏地/架位号 | 状态 | 备注 |
| 1 | 0431912 | 204319120 | 密集书库/ [索取号:O351.1-49/8] | 在馆 | |
| 2 | 0461919 | 204619190 | 密集书库/ [索取号:O351.1-49/8] | 在馆 | |
| 3 | 0461920 | 204619207 | 密集书库/ [索取号:O351.1-49/8] | 在馆 | |
| 4 | 0461921 | 204619216 | 密集书库/ [索取号:O351.1-49/8] | 在馆 | |
| 5 | 0464868 | 204648685 | 密集书库/ [索取号:O351.1-49/8] | 在馆 |